000 00334nam a22001457a 4500
999 _c527572
_d527572
003 NUST
020 _qp.k.
038 _awaseem
082 _a891.421
_bMAR
100 _aMardan, Swet
_918907
245 _aJo Chaho So Pao /
_cSwet Mardan
260 _aNew Delhi :
_bDee Kay Printers,
_c2001.
300 _a127 p. ;
942 _2ddc
_cBK